|
|
|
|
| LEADER |
01056nam a2200361 4500 |
| 001 |
DLU030023103 |
| 005 |
##20010126165513.0 |
| 008 |
##000724s2001 gw a b 001 0 eng |
| 010 |
# |
# |
|a 00061192
|
| 020 |
# |
# |
|a 354067845X (alk. paper)
|
| 040 |
# |
# |
|a DLC
|c DLC
|d DLC
|
| 042 |
# |
# |
|a pcc
|
| 050 |
# |
# |
|a QC318.I7
|b J674 2000
|
| 082 |
# |
# |
|a 536.7
|b JO-D
|
| 100 |
# |
# |
|a Jou, D.
|q (David)
|
| 245 |
# |
# |
|a Thermodynamics of fluids under flow /
|c D. Jou, J. Casas-Vazquez, M. Criado-Sancho.
|
| 260 |
# |
# |
|a Berlin ;
|a New York :
|b Springer,
|c c2001.
|
| 300 |
# |
# |
|a xi, 231 p. :
|b ill. ;
|c 25 cm.
|
| 504 |
# |
# |
|a Includes bibliographical references and index.
|
| 650 |
# |
# |
|a Fluid dynamics.
|
| 650 |
# |
# |
|a Irreversible processes.
|
| 650 |
# |
# |
|a Thermodynamics.
|
| 700 |
# |
# |
|a Casas-Vazquez, J.
|q (Jose),
|d 1938-
|
| 700 |
# |
# |
|a Criado-Sancho, M.
|q (Manuel),
|d 1948-
|
| 992 |
# |
# |
|a 62.34
|
| 994 |
# |
# |
|a DLU
|
| 900 |
# |
# |
|a True
|
| 911 |
# |
# |
|a Lê Thị Mạnh Xuân
|
| 925 |
# |
# |
|a G
|
| 926 |
# |
# |
|a A
|
| 927 |
# |
# |
|a SH
|
| 980 |
# |
# |
|a Thư viện Trường Đại học Đà Lạt
|